Chipped stone tools in formative oaxaca, mexico: their procurement, production and use /

Guardado en:
Autor Principal: Parry, William J.
Formato: Libro
Publicado: Ann Arbor, Michigan : Univ. Of Michigan, 1987
Series:Memoirs, 20
Materias:
Etiquetas: Agregar Etiqueta
Sin Etiquetas, Sea el primero en etiquetar este registro!
LEADER 00609nam a22001815a 4500
001 EHU.bham005151
003 AR-BHAM
005 20081015152911.0
008 130507s1987##################000#0#####d
082 5 7 |a 572.7 
100 1 |a Parry, William J. 
245 1 0 |a Chipped stone tools in formative oaxaca, mexico: their procurement, production and use /  |c William J. Parry. 
260 |a Ann Arbor, Michigan :  |b Univ. Of Michigan,  |c 1987 
300 |a 178 p. 
490 0 |a Memoirs, 20 
500 |a Material Extraviado 
653 |a Antropologia cultural 
859 |a AR-BHAM  |b BIB. HUMANIDADES - No Disponible  |h 572.7  |i P249  |p 922.88  |t Ej.1